Aspects de la culture pharaonique : quatre le cons au College de France (fevrier-mars 1989) /

محفوظ في:

المؤلف الرئيسي: Osing, Jurgen.

التنسيق: كتاب

اللغة: French

منشور في: Paris : Academie des inscriptions et belles-lettres, 1992.

سلاسل: Memoires de l'Academie des inscriptions et belles-lettres ; 12.

الوسوم: إضافة وسم

لا توجد وسوم, كن أول من يضع وسما على هذه التسجيلة!

رقم الطلب: PJ1026 .Q83

LEADER 00808cam a2200205Ma 4500
001 ocn716646947
003 OCoLC
005 20240220045244.0
008 930505s1992 fr a 000 0 fre d
050 4 |a PJ1026  |b .Q83 
100 1 |a Osing, Jurgen. 
245 1 0 |a Aspects de la culture pharaonique :  |b quatre le cons au College de France (fevrier-mars 1989) /  |c Jurgen Osing. 
264 1 |a Paris :  |b Academie des inscriptions et belles-lettres,  |c 1992. 
300 |a 59 pages :  |b illustrations ;  |c 28 cm 
336 |a texte  |b txt  |2 rdacontent/fre 
337 |a sans mediation  |b n  |2 rdamedia/fre 
338 |a volume  |b nc  |2 rdacarrier/fre 
490 1 |a Memoires de l'Academie des inscriptions et belles-lettres. Nouvelle serie ;  |v t. 12 
830 0 |a Memoires de l'Academie des inscriptions et belles-lettres ;  |v 12. 
999 |c 56911  |d 56911